Autonomía de las mujeres e igualdad en la agenda de desarrollo sostenible / (Registro nro. 3902)
[ vista simple ]
| 000 -LEADER | |
|---|---|
| fixed length control field | 00994nam a2200229Ia 4500 |
| 003 - CONTROL NUMBER IDENTIFIER | |
| control field | OSt |
| 005 - DATE AND TIME OF LATEST TRANSACTION | |
| control field | 20200429193259.0 |
| 008 - FIXED-LENGTH DATA ELEMENTS--GENERAL INFORMATION | |
| fixed length control field | 191128s2016 cl a gr 000 0dspa d |
| 040 ## - CATALOGING SOURCE | |
| Original cataloging agency | CO-JMCR |
| Transcribing agency | CO-JMCR |
| 041 0# - LANGUAGE CODE | |
| Language code of text/sound track or separate title | spa |
| 082 ## - DEWEY DECIMAL CLASSIFICATION NUMBER | |
| Classification number | 305.409172 / |
| Item number | C733a |
| 110 1# - MAIN ENTRY--CORPORATE NAME | |
| Corporate name or jurisdiction name as entry element | Colombia. Comisión Económica para América Latina |
| 9 (RLIN) | 3742 |
| 245 10 - TITLE STATEMENT | |
| Title | Autonomía de las mujeres e igualdad en la agenda de desarrollo sostenible / |
| Statement of responsibility, etc. | Comisión Económica para América Latina |
| 260 ## - PUBLICATION, DISTRIBUTION, ETC. | |
| Place of publication, distribution, etc. | Santiago : |
| Name of publisher, distributor, etc. | Naciones Unidas, |
| Date of publication, distribution, etc. | 2016 |
| 300 ## - PHYSICAL DESCRIPTION | |
| Extent | 182 páginas : |
| Other physical details | ilustraciones a blanco y negro ; |
| Dimensions | 28 cm. |
| 504 ## - BIBLIOGRAPHY, ETC. NOTE | |
| Bibliography, etc. note | Bibliografía: páginas 167-182 |
| 505 ## - FORMATTED CONTENTS NOTE | |
| Formatted contents note | De la integración de la mujer en el desarrollo al desarrollo sostenible con igualdad de género -- La igualdad distributiva y autonomía económica -- Autonomía física, libertad y derechos |
| 650 14 - SUBJECT ADDED ENTRY--TOPICAL TERM | |
| Topical term or geographic name entry element | Mujeres e igualdad |
| 9 (RLIN) | 3743 |
| 650 24 - SUBJECT ADDED ENTRY--TOPICAL TERM | |
| Topical term or geographic name entry element | Integración Desarrollo |
| 9 (RLIN) | 3744 |
| 650 24 - SUBJECT ADDED ENTRY--TOPICAL TERM | |
| Topical term or geographic name entry element | Igualdad de género |
| 9 (RLIN) | 3745 |
| 942 ## - ADDED ENTRY ELEMENTS (KOHA) | |
| Source of classification or shelving scheme | Dewey Decimal Classification |
| Koha item type | Books |
| Withdrawn status | Lost status | Source of classification or shelving scheme | Materials specified (bound volume or other part) | Damaged status | Not for loan | Home library | Current library | Shelving location | Date acquired | Source of acquisition | Cost, normal purchase price | Total Checkouts | Full call number | Barcode | Date last seen | Copy number | Price effective from | Koha item type |
|---|---|---|---|---|---|---|---|---|---|---|---|---|---|---|---|---|---|---|
| Dewey Decimal Classification | Donación--01/12/2017/-- | Biblioteca Pública José María del Castillo y Rada | Biblioteca Pública José María del Castillo y Rada | General Stacks | 11/28/2019 | Donación | 0.00 | 305.409172 / C733a | 201808545 | 05/16/2024 | Ej.1 | 11/28/2019 | Books |